Les 100 MVs de kpop les plus vues (mai 2024) - Statistiques

Statistiques générales
  • Ce quiz a été pris 1 022 fois
    1 021 depuis la dernière actualisation
  • Le résultat moyen est 46 sur 100
Statistiques - réponses
Classement Nombre de vues Artiste(s) Musique % Correct
4 1,8 MD BTS Dynamite
91%
15 999 M LISA Money
88%
18 906 M BLACKPINK ( with SELENA GOMEZ) Ice Cream
86%
1 5,1 MD PSY Gangnam Style
85%
51 503 M JISOO Flower
84%
3 1,9 MD BLACKPINK Kill This Love
84%
17 964 M BTS Butter
83%
14 1 MD JENNIE Solo
82%
29 699 M LISA Lalisa
78%
12 1,2 MD BLACKPINK How You Like That
77%
39 605 M BTS On
76%
21 849 M BLACKPINK Pink Venom
75%
31 668 M BIGBANG Bang Bang Bang
71%
6 1,6 MD BLACKPINK Boombayah
71%
65 388 M JUNGKOOK Seven
67%
36 624 M BLACKPINK Shut Down
67%
38 608 M EXO Love Shot
66%
2 2,1 MD BLACKPINK Ddu-du ddu-du
65%
53 461 M STRAY KIDS God's Menu
65%
47 530 M PSY (feat SUGA) That That
65%
13 1,2 MD BTS Fake Love
63%
8 1,5 MD BTS DNA
62%
71 360 M ROSÉ On The Ground
61%
11 1,2 MD BTS Idol
60%
44 544 M ITZY Wannabe
60%
5 1,7 MD BTS Boy With Luv
59%
7 1,6 MD PSY Gentleman
58%
23 788 M TWICE What Is Love ?
58%
19 890 M BLACKPINK Whistle
58%
58 444 M TWICE The Feels
57%
95 291 M ROSÉ Gone
55%
10 1,3 MD BLACKPINK As If It's Your Last
54%
25 761 M BTS Fire
54%
26 753 M BLACKPINK Lovesick Girls
54%
85 311 M HWASA Maria
54%
88 302 M COLDPLAY X BTS My Universe
53%
20 875 M BLACKPINK Playing With Fire
51%
64 392 M RED VELVET Psycho
51%
33 639 M BTS Permission To Dance
50%
78 330 M (G)I-DLE Queencard
50%
84 319 M (G)I-DLE Tomboy
50%
35 628 M TWICE Fancy
49%
9 1,4 MD BTS Mic Drop
49%
56 449 M EXO Monster
49%
16 973 M BTS Blood Sweat And Tears
48%
30 681 M TWICE TT
47%
67 372 M 2NE1 I Am The Best
46%
32 663 M IKON Love Scenario
46%
72 360 M BLACKPINK Stay
46%
69 367 M STRAY KIDS Thunderous
46%
49 515 M BTS Black Swan
45%
60 416 M MAMAMOO Hip
45%
96 289 M AESPA Next Level
45%
43 550 M BIGBANG Fantastic Baby
44%
42 555 M TWICE Cheer Up
43%
63 400 M J-HOPE (feat BECKY G) Chicken Noodle Soup
42%
81 325 M ITZY Dalla Dalla
42%
37 621 M TWICE Likey
41%
74 356 M STRAY KIDS Back Door
39%
50 505 M TWICE Feel Special
39%
48 525 M TWICE I Can't Stop Me
39%
24 784 M BTS Dope
38%
89 303 M (G)I-DLE Nxde
38%
27 744 M BTS Save Me
38%
98 283 M IVE After Like
37%
94 292 M EVERGLOW Dun Dun
37%
91 299 M BTS No More Dream
37%
41 591 M BTS Not Today
35%
46 532 M BTS Spring Day
34%
28 716 M PSY Daddy
33%
45 541 M BTS Life Goes On
32%
52 497 M TWICE Like Ooh Ahh
32%
57 446 M BTS Boy In Luv
31%
92 299 M GIRLS'S GENERATION The Boys
31%
62 405 M RED VELVET Bad Boy
30%
66 375 M TWICE Dance The Night Away
30%
83 322 M GIRLS' GENERATION Gee
30%
59 431 M GOT7 Just Right
30%
75 355 M TWICE More And More
30%
61 409 M TWICE Yes Or Yes
30%
34 633 M MOMOLAND BBoom BBoom
29%
68 371 M GD X TAEYANG Good Boy
29%
79 329 M TWICE Signal
29%
90 300 M TWICE Alcohol Free
28%
77 332 M EXO Call Me Baby
27%
86 308 M EXO Growl
27%
82 324 M TWICE Knock Knock
22%
73 356 M EXO Ko Ko Bop
22%
97 285 M NCT U Make A Wish
22%
40 597 M K/DA Pop Stars
22%
99 274 M SEVENTEEN Don't Wanna Cry
21%
54 458 M TWICE Heart Shaker
21%
93 297 M PSY New Face
18%
70 366 M PSY (feat SNOOP DOGG) Hangover
16%
55 451 M SUGA Haegeum
15%
87 302 M BTS Airplane pt2
12%
100 270 M IU BBIBBI
12%
80 327 M BLACKPINK Don't Know What To Do
11%
76 333 M BTS War Of Hormones
7%
22 833 M PSY ( feat HYUNA) Oppa Is Just My Style
6%
Aucun quiz correspondant
Distribution des résultats
% des personnes avec chaque résultat
Percentile par nombre de réponses
Votre historique - résultats
Vous n’avez pas pris ce quiz depuis la dernière actualisation